[Event "Piestany op-B"]
[Site "Piestany"]
[Date "2023.07.19"]
[Round "9"]
[White "Silhankova, Simona"]
[Black "Havetta, Slavomir"]
[Result "1-0"]
[WhiteElo "1000"]
[BlackElo "1000"]
[PlyCount "39"]
[EventDate "2023.07.11"]
[EventType "swiss"]
[EventRounds "9"]
[EventCountry "SVK"]
[SourceTitle "EXT 2024"]
[Source "ChessBase"]
[SourceDate "2023.10.10"]
[SourceVersion "1"]
[SourceVersionDate "2023.10.10"]
[SourceQuality "1"]

1. e4 e5 2. Nf3 Nc6 3. Bc4 Bc5 4. d3 Nf6 5. Nc3 0-0 6. Ng5 d6 7. h3 h6 8. h4 hxg5 9. hxg5 Nh7 10. Qh5 Re8 11. Qxh7+ Kf8 12. Qh8+ Ke7 13. Nd5+ Kd7 14. Qh3+ Re6 15. Qf5 f6 16. gxf6 gxf6 17. Rh7+ Ne7 18. Nxe7 Qxe7 19. Rxe7+ Kxe7 20. Qh7+ 1-0

[Event "Piestany op-B"]
[Site "Piestany"]
[Date "2023.07.11"]
[Round "1"]
[White "Kollarik, Gorazd"]
[Black "Havetta, Slavomir"]
[Result "1-0"]
[WhiteElo "1700"]
[BlackElo "1000"]
[PlyCount "51"]
[EventDate "2023.07.11"]
[EventType "swiss"]
[EventRounds "9"]
[EventCountry "SVK"]
[SourceTitle "EXT 2024"]
[Source "ChessBase"]
[SourceDate "2023.10.10"]
[SourceVersion "1"]
[SourceVersionDate "2023.10.10"]
[SourceQuality "1"]

1. e4 e5 2. Nf3 Nc6 3. Bb5 Bc5 4. 0-0 Nf6 5. c3 d6 6. d4 Bb6 7. d5 Bd7 8. dxc6 Bxc6 9. Bxc6+ bxc6 10. Bg5 h6 11. Bxf6 Qxf6 12. c4 0-0 13. Nc3 c5 14. Nd5 Qg6 15. Ne7+ Kh8 16. Nxg6+ fxg6 17. Nh4 Rf6 18. Qg4 Kh7 19. f4 Raf8 20. fxe5 dxe5 21. Rxf6 Rxf6 22. Rf1 Rxf1+ 23. Kxf1 g5 24. Qf5+ g6 25. Qf7+ Kh8 26. Nxg6# 1-0